Répliques des trois films "Jurassic Park" - Statistiques

Statistiques générales
  • Ce quiz a été pris 154 fois
  • Le résultat moyen est 8 sur 12
Statistiques - réponses
Hint Réponse % Correct
J’en ai marre d’avoir toujours (1 mot) raison
97%
J’ai dépensé sans (1 mot) compter
94%
Ça, c’est vraiment un gros tas de (1 mot) merde
94%
- C’est comme ça qu’on fait des dinosaures ? - C’est comme ça qu’on se prend pour (1 mot) Dieu
92%
- SARAH HARDING !! - Combien de Sarah crois-tu qu’il y ait sur (2 mots) cette île
84%
-Dieu crée les dinosaures. Dieu détruit les dinosaures. Dieu crée l’homme. L’homme détruit Dieu. L’homme crée les dinosaures… - Les dinosaures mangent l’homme. Et la femme hérite de la (1 mot) Terre
84%
- Mais comment va-t-on trouver le T-Rex adulte ? - Y a qu’a suivre les (1 mot) cris
66%
Auriez-vous projeté de mettre des dinosaures dans votre (3 mots) parc à dinosaures
62%
Oui mais, John, quand les pirates des Caraïbes se détraquaient, ils ne dévoraient pas les (1 mot) touristes
39%
Oh oui. « Ouh ! », « Ah ! » Ça commence toujours comme ça. Et puis après il y a des « sauve qui peut », et puis il y a des (1 mot) hurlements
37%
Y a quoi là dedans ? (2 mots) King Kong
36%
Ce que vous appelez « découverte », je l’appelle (4 mots) viol de la nature
27%
Aucun quiz correspondant
Distribution des résultats
% des personnes avec chaque résultat
Percentile par nombre de réponses
Votre historique - résultats
Vous n’avez pas pris ce quiz